| 000 | 00951cab a2200289 4500 | ||
|---|---|---|---|
| 001 | X2863 | ||
| 008 | 090401t1995 xxu||||| |||| 00| 0 eng d | ||
| 035 | _a(Sirsi) u26928 | ||
| 041 | _aeng | ||
| 110 |
_aBuilding regulations and control skills panel _91042 |
||
| 245 | _aBuilding regulations: appeals and determinations | ||
| 260 | _c1995 | ||
| 350 | _a0 | ||
| 490 |
_aCSM (Chartered Surveyor Monthly) _v5(1) September 1995, 32-33(2) |
||
| 520 | _aLists key points of recent DoE determinations, focusing on mezzanine play areas, self-closing devices on bedroom doors in homes for the elderly and inner-inner rooms. | ||
| 650 | _aDOORS | ||
| 650 | _aFIRE ESCAPES | ||
| 650 | _aINNER-INNER ROOMS | ||
| 650 | _aLOFT CONVERSIONS | ||
| 650 | _aMEZZANINES | ||
| 650 | _aOLD PEOPLES HOMES | ||
| 650 | _aPLAY AREAS | ||
| 650 | _aRESIDENTIAL HOMES | ||
| 690 | _aBUILDING AND CONSTRUCTION-REGULATIONS | ||
| 942 | _n0 | ||
| 948 | _c04/03/1997 | ||
| 999 |
_c18141 _d18141 |
||